|
|
|
|
| LEADER |
03060nam a2200421 a 4500 |
| 001 |
5948 |
| 003 |
BD-DhAAL |
| 008 |
091012s1992 ctua b 001 0 eng d |
| 010 |
|
|
|a 92005270
|
| 020 |
|
|
|a 9840512269
|
| 020 |
|
|
|a 1565490053 (alk. paper)
|
| 020 |
|
|
|a 1565490045 (pbk. : alk. paper)
|
| 040 |
|
|
|a DLC
|c DLC
|d DLC
|d BD-DhAAL
|
| 082 |
0 |
0 |
|a 307.1412095492
|2 20
|
| 100 |
1 |
|
|a Lovell, Catherine H.
|9 37722
|
| 245 |
1 |
0 |
|a Breaking the cycle of poverty :
|b the BRAC strategy /
|c Catherine H. Lovell.
|
| 264 |
|
|
|a West Hartford, Conn. :
|b Kumarian Press ;
|a Dhaka :
|b University press,
|c 1992.
|
| 300 |
|
|
|a x, 205 pages :
|b illustrations ;
|c 23 cm.
|
| 490 |
0 |
|
|a Kumarian Press library of management for development
|
| 504 |
|
|
|a Includes bibliographical references (pages 190-194) and index.
|
| 526 |
|
|
|a ESS
|
| 541 |
1 |
|
|a Complimentary copy from Professor Dr. Nasreen Khundker.
|e 00012732, 36688
|
| 610 |
2 |
0 |
|a Bangladesh Rural Advancement Committee.
|9 37723
|
| 650 |
|
0 |
|a Rural development
|z Bangladesh.
|9 37724
|
| 830 |
|
|
|a Kumarian Press library of management for development.
|9 56672
|
| 852 |
4 |
|
|a Ayesha Abed Library
|c General Stacks
|
| 942 |
0 |
0 |
|0 1
|2 ddc
|c BK
|
| 999 |
|
|
|c 4624
|d 4624
|
| 952 |
|
|
|0 0
|1 0
|2 ddc
|4 0
|6 307_141209549200000_LOV
|7 0
|9 4408
|a BRACUL
|b BRACUL
|c GEN
|d 2009-10-18
|g 0.00
|l 4
|m 5
|o 307.1412095492 LOV
|p 3010012732
|r 2016-08-30
|s 2016-06-09
|t 1
|w 2009-10-18
|y BK
|x No price found in the accession register.
|
| 952 |
|
|
|0 0
|1 0
|2 ddc
|4 0
|6 307_141209549200000_LOV_2001
|7 1
|9 9123
|a BRACUL
|b BRACUL
|c BRS
|d 2010-04-08
|l 0
|o 307.1412095492 LOV
|p 3010009598
|r 2010-04-08
|t 2
|w 2010-04-08
|y BK
|
| 952 |
|
|
|0 0
|1 0
|2 ddc
|4 0
|6 307_141209549200000_LOV_2001
|7 0
|9 9222
|a BRACUL
|b BRACUL
|c GEN
|d 2010-04-13
|l 2
|m 8
|o 307.1412095492 LOV
|p 3010009596
|q 2024-05-15
|r 2016-07-17
|s 2016-07-17
|t 3
|w 2010-04-13
|y BK
|
| 952 |
|
|
|0 0
|1 0
|2 ddc
|4 0
|6 307_141209549200000_LOV_2001
|7 0
|9 9223
|a BRACUL
|b BRACUL
|c GEN
|d 2010-04-13
|l 6
|m 42
|o 307.1412095492 LOV
|p 3010009597
|r 2020-01-28
|s 2019-08-01
|t 4
|w 2010-04-13
|y BK
|
| 952 |
|
|
|0 0
|1 0
|2 ddc
|4 0
|6 307_141209549200000_LOV
|7 0
|9 43117
|a SCL
|b SCL
|c GEN
|d 2005-12-18
|l 0
|o 307.1412095492 LOV
|p 3020005950
|r 2014-07-14
|t 5
|w 2014-07-14
|y BK
|
| 952 |
|
|
|0 0
|1 0
|2 ddc
|4 0
|6 307_141209549200000_LOV
|7 0
|9 43283
|a SCL
|b SCL
|c GEN
|d 2005-12-18
|l 0
|o 307.1412095492 LOV
|p 3020005948
|r 2014-07-19
|t 6
|w 2014-07-19
|y BK
|
| 952 |
|
|
|0 0
|1 0
|2 ddc
|4 0
|6 307_141209549200000_LOV
|7 0
|9 43285
|a SCL
|b SCL
|c GEN
|d 2005-12-18
|l 0
|o 307.1412095492 LOV
|p 3020005951
|r 2014-07-19
|t 7
|w 2014-07-19
|y BK
|
| 952 |
|
|
|0 0
|1 0
|2 ddc
|4 0
|6 307_141209549200000_LOV
|7 0
|9 43286
|a SCL
|b SCL
|c GEN
|d 2005-12-18
|l 0
|o 307.1412095492 LOV
|p 3020005949
|r 2014-07-19
|t 8
|w 2014-07-19
|y BK
|
| 952 |
|
|
|0 0
|1 0
|2 ddc
|4 0
|6 307_141209549200000_LOV
|7 0
|9 67301
|a BRACUL
|b BRACUL
|c GEN
|d 2019-11-26
|e Complimentary copy from Professor Dr. Nasreen Khundker.
|l 0
|o 307.1412095492 LOV
|p 3010036688
|r 2019-11-26
|t 9
|w 2019-11-26
|y BK
|
| 952 |
|
|
|0 0
|1 0
|2 ddc
|4 0
|6 307_141209549200000_LOV
|7 1
|9 74870
|a BRACUL
|b BRACUL
|c BRS
|d 2023-12-13
|e Complimentary copy from Publisher
|l 0
|o 307.1412095492 LOV
|p 3010042005
|r 2023-12-13
|t 10
|w 2023-12-13
|y BK
|x Complimentary copy from Publisher; Price not available in Register
|